[Event "ESTCC U65 2018"]
[Site "Walbrzych"]
[Date "2018.04.16"]
[Round "3"]
[White "Westerinen, Heikki M J"]
[Black "Sorensen, Bent"]
[Result "0-1"]
[WhiteElo "2308"]
[BlackElo "2158"]
[Annotator "TA"]
[PlyCount "85"]
[EventDate "2018.??.??"]
[EventCountry "POL"]
[SourceTitle "playchess.com"]
[Source "ChessBase"]
[SourceQuality "1"]
[WhiteTeam "Finland"]
[BlackTeam "Denmark"]
[WhiteTeamCountry "FIN"]
[BlackTeamCountry "DEN"]

{[%evp 13,85,14,19,23,42,16,20,12,27,35,23,22,19,24,22,9,36,41,66,52,53,61,96,113,89,26,91,100,112,-74,-74,-73,-19,-170,-104,-578,-562,-631,-606,-637,-589,-1390,-1158,-1154,-1154,-1135,-1065,-1014,-988,-5281,-29972,-29972,-29974,-6029,-1291,-1244,-1203,-6141,-9481,-6268,-1161,-1979,0,-6942,-6428,-6133,-5139,-29978,-29978,-29982,-29982,-29983,-29976,-29983]} 1. e4 e6 2. d4 d5 3. Nd2 Be7 4. Bd3 c5 5. Ngf3 Nf6 6. exd5 Nxd5 7. O-O {C03: French Tarrasch: Unusual Black 3rd moves} Nd7 {LiveBook: 3 Games} 8. Nb3 Qc7 $146 {aiming for ...c4.} ({Find the theoretical novelty and annotate with similar games:} 8... cxd4 9. Nbxd4 O-O 10. c4 N5f6 11. Bf4 Nh5 12. Be3 a6 13. Ng5 Bxg5 14. Qxh5 h6 15. Bxg5 Qxg5 16. Qe2 Nc5 17. Bc2 {½-½ (29) Palac,M (2545)-Prie,E (2480) Cannes 1995}) 9. Nxc5 {White is slightly better.} Nxc5 10. dxc5 Qxc5 11. a3 O-O 12. c4 Nf6 13. b4 Qc7 14. Bb2 $36 {[%mdl 2048] White fights for an advantage.} b6 15. Be5 Qd7 16. Qc2 Bb7 17. Rad1 Qc8 18. Bxf6 Bxf6 19. Bxh7+ Kh8 20. Be4 a5 {[%cal Ba7a5,Ba5b4][%mdl 32]} 21. Nd4 $2 (21. Bxb7 $16 Qxb7 22. b5) 21... Bxe4 $17 22. Qxe4 {[#] And now Rd3 would win.} Qxc4 (22... axb4 $1 $17 23. Nb5 bxa3) 23. Rd3 $2 {[#]} (23. Qc6 $1 $11 {and White has nothing to worry.} Rfc8 24. Qxb6) 23... Rfd8 (23... Kg8 $1 $19 24. Qe3 (24. Rh3 $2 g6 $19) 24... Rfd8) 24. Rfd1 $2 {[%mdl 8192]} (24. Rh3+ $17 {nothing else works.} Kg8 25. Qh7+ Kf8 26. Nc2) 24... axb4 $19 25. Rh3+ Kg8 {[%cal Bh8g8,Bg8f8,Bf8e7][%mdl 32]} 26. Qh7+ Kf8 27. Qh8+ Ke7 28. Nf5+ exf5 {[%cal Rd8d1]} 29. Re3+ Qe6 30. Rxe6+ fxe6 {[%cal Rd8d1]} 31. Qh5 Rxd1+ 32. Qxd1 bxa3 {[%mdl 4096] Endgame KQ-KRB} 33. Qf3 Ra5 (33... Ra7 $142 34. g4 fxg4 35. Qxg4 a2 36. Qb4+ Kf7 37. Qxb6 a1=Q+ 38. Kg2 Qa4) 34. Qb7+ Kf8 35. Qc8+ Kf7 36. Qc7+ Kg8 (36... Kg6 $142 37. Qg3+ Kf7 38. Qc7+ Be7 39. Qxb6 Rd5) 37. Qc6 Kf7 (37... Kh7 $142 38. Qf3 g6 39. Qb7+ Bg7 40. Qxb6 Rd5) 38. Qc7+ Kg6 39. Qg3+ Kh7 40. Qh3+ Kg8 {Black mates.} 41. Qh5 Kf8 42. Qh8+ Kf7 43. Qh3 {Precision: White = 29%, Black = 46%.} 0-1

[Event "ESTCC U65 2018"]
[Site "Walbrzych"]
[Date "2018.04.16"]
[Round "3"]
[White "Kierzek, Matthias"]
[Black "Pushkov, Nikolai"]
[Result "0-1"]
[WhiteElo "2272"]
[BlackElo "2304"]
[Annotator "TA"]
[PlyCount "98"]
[EventDate "2018.??.??"]
[EventCountry "POL"]
[SourceTitle "playchess.com"]
[Source "ChessBase"]
[SourceQuality "1"]
[WhiteTeam "Germany"]
[BlackTeam "Russia"]
[WhiteTeamCountry "GER"]
[BlackTeamCountry "RUS"]

{[%evp 20,98,10,-46,0,-68,-55,-62,-67,-95,-84,-79,-77,-97,-86,-98,-87,-91,-84,-106,-95,-185,-193,-202,-202,-260,-256,-255,-259,-400,-302,-264,-161,-158,-152,-154,-75,-75,-77,-75,-56,-71,-68,-75,-75,-75,-75,-76,-75,-71,-68,-79,-65,-68,-58,-81,-41,-64,-64,-62,-45,-44,-44,-61,-55,-429,-401,-449,-447,-432,-434,-438,-398,-545,-544,-503,-129,-470,-470,-2922,-2830]} 1. d4 Nf6 2. c4 e6 3. Nf3 d5 4. Nc3 Nbd7 5. Bg5 c6 6. e3 Qa5 7. cxd5 Nxd5 8. Rc1 N7b6 9. Qd2 Nxc3 10. bxc3 Nd5 {D52: Queen's Gambit Declined: Cambridge Springs Variation} 11. Bc4 {LiveBook: 4 Games} (11. Bd3 $11) 11... b5 (11... Ba3 {with more complications.} 12. Rb1 b5 13. Bxd5 cxd5 14. Bf4 f6) (11... Ba3 12. Rb1 Nxc3 13. O-O b5 14. Rb3 bxc4 15. Qxc3 Qxc3 16. Rxc3 Bb2 17. Rxc4 Ba6 18. Nd2 {0-1 (38) Panelo Munoz,M (2403)-Cuartas,J (2496) Montcada 2008}) 12. Bxd5 ({Better is} 12. Bd3 $11) 12... cxd5 $15 {Black is slightly better.} 13. O-O Ba3 14. Rc2 O-O {[%cal Bh8f8,Bf8c8,Bc8c4][%mdl 32]} 15. Ne1 Bd7 $146 {[%cal Bc8d7,Bd7e8,Be8g6][%mdl 32]} ({Predecessor:} 15... f6 16. Bf4 Bd7 17. Nd3 Rfc8 18. g4 {0-1 (39) Kartsev,S (2182)-Philipowski,R (2242) Dortmund 2001}) 16. Nd3 Rfc8 17. Rb1 Be8 18. f3 f6 19. Bh4 Bg6 20. Re1 (20. Rb3 $17 {was worth a try.}) 20... Rc4 $19 21. e4 Rac8 $1 22. Nf4 Bf7 ({Less strong is} 22... Rxc3 23. Ne2 $17) 23. exd5 exd5 24. Ne6 (24. Qd3 $142) 24... Qb6 25. Nc5 Bxc5 26. dxc5 Qxc5+ 27. Bf2 {[#]} Qc7 (27... d4 $142 $1 {White must now prevent ...b4.} 28. Qd1 Qc7 29. Bxd4 b4) 28. Rb2 $17 a6 29. Bd4 Ra4 30. Qf2 Qd6 31. Rbe2 b4 32. cxb4 Qxb4 33. Rd1 Qd6 34. Rb2 Rb4 35. Rdb1 Rxb2 36. Qxb2 h5 37. Qb7 Re8 38. Qb6 Qf4 39. Rd1 Qf5 40. Qxa6 Qc2 $40 {[%mdl 128] White needs to defend precisely.} 41. Rf1 Re2 42. Bf2 $2 {[%mdl 8192]} (42. Qa8+ $1 $15 Kh7 43. Bf2) 42... d4 $1 $19 {[%cal Bd5d4,Bd4d3][%mdl 32]} 43. Qa8+ {[#]} Re8 $1 {[%cal Re8a8]} 44. Qa5 d3 {...d2 is the strong threat.} 45. Qc5 Qxa2 46. Qc3 Bg6 47. Ra1 Qd5 $2 (47... d2 $19 {and Black stays clearly on top.} 48. Rd1 Rb8 49. Qxd2 Qxd2 50. Rxd2 Rb1+ 51. Be1 Rxe1+ 52. Kf2 Rb1) 48. Be1 $2 {[%mdl 8192]} (48. Rd1 $17) 48... Re2 49. Bd2 {[#]} (49. h3 $142) 49... Rxd2 $1 {[%mdl 512] Precision: White = 26%, Black = 60%.} 0-1

[Event "ESTCC U65 2018"]
[Site "Walbrzych"]
[Date "2018.04.16"]
[Round "3"]
[White "Jorgensen, Brian Jorgen"]
[Black "Hurme, Harri"]
[Result "1-0"]
[WhiteElo "2255"]
[BlackElo "2229"]
[Annotator "NA RC"]
[PlyCount "83"]
[EventDate "2018.??.??"]
[EventCountry "POL"]
[SourceTitle "playchess.com"]
[Source "ChessBase"]
[SourceQuality "1"]
[WhiteTeam "Denmark"]
[BlackTeam "Finland"]
[WhiteTeamCountry "DEN"]
[BlackTeamCountry "FIN"]
[TimeControl "40/5400+30:1800+30"]

1. d4 {[%emt 0:00:00]} Nf6 {[%emt 0:00:14]} 2. Nf3 {[%emt 0:00:00]} d5 {[%emt 0:00:25]} 3. g3 {[%emt 0:00:36]} e6 {[%emt 0:01:14]} 4. Bg2 {[%emt 0:00:08]} c5 {[%emt 0:01:03]} 5. O-O {[%emt 0:01:06]} Nc6 {[%emt 0:00:44]} 6. c4 {[%emt 0:02:21] LiveBook: 1679 Games} cxd4 {[%emt 0:09:01]} 7. cxd5 {[%emt 0:01:56]} Nxd5 {[%emt 0:02:10]} 8. Nxd4 {[%emt 0:00:21]} Bd7 {[%emt 0:01:21]} 9. Nc3 {[%emt 0:13:58] E01: Catalan: Early deviations} Nxc3 {[%emt 0:07:49]} 10. bxc3 {[%emt 0:08:23]} Be7 {[%emt 0:14:31]} 11. Nxc6 {[%emt 0:03:55]} Bxc6 {[%emt 0:00:45]} 12. Bxc6+ {[%emt 0:01:34]} bxc6 {[%emt 0:00:03]} 13. Qa4 {[%emt 0:00:29]} O-O {[%emt 0:02:35]} 14. Be3 {[%emt 0:03:24]} Qc7 $146 {[%emt 0:03:42]} ({Predecessor:} 14... Qd5 15. Rab1 Bc5 16. Rfd1 Qf5 {½-½ (30) Deepan Chakkravarthy,J (2461)-Karthikeyan,P (2414) Melaka 2012}) 15. Rab1 {[%emt 0:02:00]} Rfd8 {[%emt 0:10:34]} 16. Qa6 {[%emt 0:13:35]} Rd7 {[%emt 0:03:23]} 17. Rfd1 {[%emt 0:06:53]} Rxd1+ {[%emt 0:03:12]} 18. Rxd1 {[%emt 0:00:09]} h5 {[%emt 0:00:58]} 19. h4 {[%emt 0:01:58]} c5 {[%emt 0:02:45]} 20. Bf4 {[%emt 0:04:32]} Qb6 $11 {[%emt 0:01:26]} 21. Qa4 {[%emt 0:00:36]} Bf6 {[%emt 0:02:53]} 22. c4 {[%emt 0:02:58]} Rd8 {[%emt 0:06:17]} 23. Rxd8+ {[%emt 0:05:06]} Qxd8 {[%emt 0:00:13]} 24. Qb3 {[%emt 0:01:18]} Qd7 {[%emt 0:03:40]} 25. Kg2 {[%emt 0:01:45]} g6 {[%emt 0:00:29]} 26. a4 {[%emt 0:04:03]} e5 {[%emt 0:03:00]} 27. Be3 {[%emt 0:00:21]} a6 {[%emt 0:03:42]} 28. Qb6 {[%emt 0:01:16]} Kg7 {[%emt 0:05:51]} 29. Qxa6 {[%emt 0:01:12]} e4 {[%emt 0:03:03]} 30. Bh6+ {[%emt 0:04:28]} Kxh6 {[%emt 0:00:18]} 31. Qxf6 {[%emt 0:00:07]} Kh7 {[%emt 0:00:19]} 32. a5 {[%emt 0:00:26]} Kg8 {[%emt 0:01:41]} 33. Qe5 {[%emt 0:01:24]} Qg4 {[%emt 0:01:37]} 34. Qxc5 {[%emt 0:05:14]} Qxe2 {[%emt 0:00:22]} 35. a6 {[%emt 0:00:14]} Qa2 {[%emt 0:03:09]} 36. a7 {[%emt 0:00:31]} Kh7 {[%emt 0:00:54]} 37. Qd4 {[%emt 0:01:40]} Qa6 {[%emt 0:00:35]} 38. Qc5 {[%emt 0:03:31]} Kg7 {[%emt 0:01:29]} 39. Qe5+ {[%emt 0:00:42]} Kh7 {[%emt 0:00:45]} 40. Qb8 {[%emt 0:00:00]} Qa3 {[%emt 0:00:19]} 41. a8=Q {[%emt 0:01:42]} Qf3+ {[%emt 0:00:22]} 42. Kg1 {[%emt 0:00:11]} 1-0

[Event "ESTCC U65 2018"]
[Site "Walbrzych"]
[Date "2018.04.16"]
[Round "3"]
[White "Kolbak, Jens"]
[Black "Gustavsson, Bo"]
[Result "1/2-1/2"]
[WhiteElo "2213"]
[BlackElo "1915"]
[Annotator "TA"]
[PlyCount "136"]
[EventDate "2018.??.??"]
[EventCountry "POL"]
[SourceTitle "playchess.com"]
[Source "ChessBase"]
[SourceQuality "1"]
[WhiteTeam "Denmark"]
[BlackTeam "Sweden"]
[WhiteTeamCountry "DEN"]
[BlackTeamCountry "SWE"]

{[%evp 16,136,39,18,31,24,20,5,27,0,13,-4,11,-65,-32,-39,-12,-14,-16,-20,-9,-31,-28,-30,-30,-33,83,83,83,-7,0,0,0,0,11,12,8,2,9,0,0,0,0,0,0,-31,-14,-29,0,0,31,36,35,3,3,2,6,3,6,8,13,5,5,3,2,0,2,0,19,18,23,23,70,77,75,52,64,23,64,71,27,0,36,33,28,25,41,0,16,0,0,0,0,0,0,0,0,0,0,0,0,0,0,0,0,0,0,0,0,0,0,0,0,0,0,0,0,0,0,0,0,0,0]} 1. e4 e5 2. Nf3 Nc6 3. Bb5 a6 4. Bxc6 dxc6 5. O-O Bg4 6. h3 Bxf3 7. Qxf3 Qf6 8. Qg3 Bd6 9. d3 {LiveBook: 3 Games. C68: Ruy Lopez: Exchange Variation, sidelines} Qg6 10. Qxg6 hxg6 11. Nd2 f6 12. Nf3 $146 ({Predecessor:} 12. Nc4 Bc5 13. Be3 Bxe3 14. Nxe3 g5 15. d4 exd4 16. Nf5 O-O-O {1-0 (67) Bratovic,B (2322)-Jeraj,Z (2109) Ljubljana 2003}) 12... c5 13. c3 Ne7 14. d4 (14. h4 $11) 14... exd4 $15 15. cxd4 Nc6 16. dxc5 Bxc5 17. Rd1 g5 18. a3 Rd8 19. Rxd8+ Kxd8 20. b4 Bd4 (20... Bd6 $15 {stays ahead.}) 21. Nxd4 $16 Nxd4 {[%mdl 4096] Endgame [#] KRB-KRN} 22. Bb2 ({White should play} 22. Bxg5 $1 $16 {[%mdl 512]} Ne2+ (22... fxg5 23. Rd1) 23. Kf1) 22... Nc6 23. f3 Ke7 24. Kf2 Ke6 25. Rc1 Rd8 {...Rd2+ is the strong threat.} 26. Ke3 Rd7 27. g3 g6 28. Bc3 Rh7 29. Rh1 Na7 30. f4 gxf4+ 31. Kxf4 Nb5 32. Bb2 Nd6 {[#]} (32... Rd7 {is more complex.} 33. a4 g5+ 34. Ke3 Nd6 35. Bc3 f5) 33. Bxf6 $1 {[%mdl 512]} Nxe4 (33... Kxf6 34. e5+) 34. Kxe4 {Threatens to win with Bd4.} (34. Bh4 {is interesting.} Nf6 35. Re1+ Kf7 36. Rf1 Kg7 37. Rd1) 34... Kxf6 $14 {KR-KR} 35. h4 Re7+ 36. Kf4 Rd7 37. Rf1 Kg7 38. Ke4 (38. Re1 {feels hotter.} Kf6 39. g4 Rd5 40. g5+ Kf7 41. Re5) 38... Re7+ 39. Kd4 Rd7+ 40. Kc4 Re7 41. Rf3 Re4+ 42. Kd5 Re7 43. g4 Re2 44. Rc3 Re7 45. Rc4 Kf6 46. Rf4+ Kg7 47. Re4 Rd7+ 48. Kc5 Kf7 49. Rd4 Re7 $1 50. Rf4+ Kg7 51. Rd4 Kf6 {The position is equal.} 52. a4 Re6 53. b5 (53. a5 {with more complications.} Re5+ 54. Kc4 b6 55. axb6 cxb6 56. Kb3) 53... axb5 54. axb5 Re5+ 55. Kc4 b6 56. g5+ Ke7 57. Rf4 Rc5+ 58. Kb4 c6 59. bxc6 Rxc6 60. Kb5 Re6 61. Rd4 Ke8 62. Kc4 Ke7 63. h5 {Black must now prevent h6.} gxh5 {Strongly threatening ...Re5.} 64. Rh4 $1 Kf7 {aiming for ...Kg6.} 65. Rxh5 Kg6 66. Rh6+ Kf5 67. Rxe6 Kxe6 68. Kb5 Ke5 {Precision: White = 49%, Black = 62%.} 1/2-1/2

[Event "ESTCC U65 2018"]
[Site "Walbrzych"]
[Date "2018.04.16"]
[Round "3"]
[White "Hedin, Gunnar"]
[Black "Giulian, Philip M"]
[Result "1/2-1/2"]
[WhiteElo "2174"]
[BlackElo "2124"]
[Annotator "TA"]
[PlyCount "58"]
[EventDate "2018.??.??"]
[EventCountry "POL"]
[SourceTitle "playchess.com"]
[Source "ChessBase"]
[SourceQuality "1"]
[WhiteTeam "Sweden"]
[BlackTeam "Scotland"]
[WhiteTeamCountry "SWE"]
[BlackTeamCountry "SCO"]

{[%evp 9,58,-22,-7,-16,-16,-16,-18,-22,0,-7,17,14,6,1,18,10,11,-15,13,8,12,8,28,0,45,37,32,32,32,1,6,13,31,27,80,68,204,202,239,17,13,21,34,37,48,28,52,48,45,10,10]} 1. f4 b6 2. Nf3 Bb7 3. e3 Nf6 4. Be2 e6 5. O-O (5. b3 Be7 6. O-O c5 7. Bb2 O-O 8. Ne5 d6 9. Bf3 Ne4 10. Ng4 f5 11. d3 fxg4 12. Bxe4 d5 13. Qxg4 Bf6 14. Bxh7+ Kxh7 15. Qh3+ Kg8 16. Qxe6+ {0-1 (36) Bachler,R (2182)-Halvax,G (2421) Austria 2017}) 5... Be7 6. d3 {A02: Bird's Opening} d5 7. b3 $146 ({Predecessor:} 7. Ne5 Nbd7 8. Nd2 Nxe5 9. fxe5 Nd7 10. d4 O-O 11. Bg4 c5 12. Qe1 {0-1 (42) Brem,S (2119)-Ovsepyan,A (2169) Munich 2017}) 7... c5 8. Ne5 Nc6 9. Bb2 d4 {Strongly threatening ...Nxe5.} 10. Nxc6 Bxc6 11. e4 O-O 12. Nd2 Nd7 13. Bg4 f5 14. Bf3 Nf6 15. Qe2 Qd7 16. Rae1 {aiming for exf5.} Rae8 17. a4 Bd8 18. Nc4 $36 {[%mdl 2048] Threatens to win with Ne5. White has good play.} Bb7 19. Ne5 Qc8 20. c3 dxc3 21. Bxc3 Nd7 (21... Bc7 $11 {keeps the balance.}) 22. Nc4 {Hoping for Nd6.} fxe4 ({Black should try} 22... Bc7 $14) 23. Bxe4 $18 ({But not} 23. dxe4 $6 Be7 $16) 23... Bc7 {[#]} 24. Qg4 $2 ({Less strong is} 24. Bxb7 Qxb7 25. g3 a6 $14) ({White has to play} 24. Bxh7+ $1 $18 Kxh7 25. Qh5+ Kg8 {[#]} 26. Bxg7 $1 {[%mdl 512]} Kxg7 27. Qg5+ Kh8 28. Qh6+ Kg8 29. Qg6+ Kh8 30. Re3 Bf3 31. Rfxf3 Bxf4 32. Rh3+ Bh6 33. Rxh6#) 24... Nf6 $11 25. Qg5 Bxe4 26. dxe4 Qd7 27. Rd1 Qe7 28. Bxf6 Qxf6 29. Qxf6 gxf6 {Precision: White = 44%, Black = 39%.} 1/2-1/2

[Event "ESTCC U65 2018"]
[Site "Walbrzych"]
[Date "2018.04.16"]
[Round "3"]
[White "Vinke, Dietmar"]
[Black "Holst, Per"]
[Result "1/2-1/2"]
[WhiteElo "2170"]
[BlackElo "2140"]
[Annotator "TA"]
[PlyCount "38"]
[EventDate "2018.??.??"]
[EventCountry "POL"]
[SourceTitle "playchess.com"]
[Source "ChessBase"]
[SourceQuality "1"]
[WhiteTeam "Finland"]
[BlackTeam "Denmark"]
[WhiteTeamCountry "FIN"]
[BlackTeamCountry "DEN"]

{[%evp 10,38,41,38,56,51,87,50,55,58,55,39,64,66,98,90,139,52,63,37,41,15,47,30,20,16,49,14,19,8,7]} 1. d4 e6 2. c4 Nf6 3. Nf3 Bb4+ 4. Nbd2 d5 5. a3 Bxd2+ 6. Bxd2 {LiveBook: 15 Games. E11: Bogo-Indian} dxc4 (6... O-O 7. Bg5 h6 8. Bh4 b6 9. cxd5 exd5 10. Rc1 c6 11. e3 Bb7 12. Bd3 Qd6 13. Bxf6 Qxf6 {1-0 (36) Morchiashvili,B (2395)-Rasulov,V (2517) Konya 2017}) 7. e3 b5 $146 ({Find the theoretical novelty and annotate with similar games:} 7... Ne4 8. Bxc4 Nxd2 9. Qxd2 O-O 10. O-O Nd7 11. Rac1 c6 12. Ba2 e5 13. Qc2 {½-½ (13) Obsivac,J (2273)-Dmitrenko,V (2353) Olomouc 2011}) 8. b3 {White is better.} O-O 9. bxc4 bxc4 10. Bxc4 c5 11. dxc5 Qc7 12. Rc1 Nbd7 13. Qc2 ({Better is} 13. Bb5 $16) 13... Bb7 $1 $14 14. Be2 $36 {[%mdl 2048] [#] aiming for c6. White is more active.} Rfc8 {[%cal Rd7c5]} 15. O-O Qxc5 16. Qxc5 Nxc5 17. Nd4 Nfe4 18. Bb4 a5 19. Bxc5 Nxc5 {Precision: White = 71%, Black = 24%.} 1/2-1/2

[Event "ESTCC U65 2018"]
[Site "Walbrzych"]
[Date "2018.04.16"]
[Round "3"]
[White "Hammar, Bengt"]
[Black "White, Alastair F"]
[Result "0-1"]
[WhiteElo "2133"]
[BlackElo "2069"]
[Annotator "TA"]
[PlyCount "48"]
[EventDate "2018.??.??"]
[EventCountry "POL"]
[SourceTitle "playchess.com"]
[Source "ChessBase"]
[SourceQuality "1"]
[WhiteTeam "Sweden"]
[BlackTeam "Scotland"]
[WhiteTeamCountry "SWE"]
[BlackTeamCountry "SCO"]

{[%evp 25,48,0,52,-110,-87,-112,-100,-150,-136,-130,-137,-182,-178,-400,-395,-390,-390,-361,-335,-566,-557,-1121,-1107,-1003,-962]} 1. e4 d6 2. d4 Nf6 3. Nc3 g6 4. f4 Bg7 5. Nf3 O-O 6. Bd3 Nc6 7. e5 dxe5 8. fxe5 Nh5 9. Bc4 {B09: Pirc Defence: Austrian Attack} (9. Be3 f6 10. exf6 exf6 11. O-O Kh8 12. Qd2 Bg4 13. Be4 Na5 14. Bd3 Bxf3 15. Rxf3 f5 16. d5 Nf6 17. Be2 {0-1 (43) Anand,V (2779)-Dubov,D (2660) Doha 2016}) 9... Bg4 10. Be3 Na5 11. Be2 c5 12. d5 Bxf3 13. Bxf3 Nc4 {LiveBook: 4 Games} (13... Bxe5 $11 14. Bxh5 Qb6) 14. Bxc5 $2 (14. Qe2 $14 Nxe5 15. Bxh5 gxh5 16. O-O-O) 14... Rc8 $146 ({Predecessor:} 14... Qc7 15. Bd4 Bxe5 16. Bxh5 Nxb2 17. Nb5 Qa5+ {½-½ (41) Brendel,O (2385)-Flueckiger,C (2245) Switzerland 1994}) 15. Bd4 ({Not} 15. Bxa7 $2 Nxb2 16. Qe2 Rxc3 $19) 15... Nxb2 16. Qc1 Nc4 17. Bxh5 gxh5 18. Qg5 {[#]} Nxe5 $1 {[%mdl 512] White must now prevent ...Qa5.} 19. Bxe5 $2 (19. Rd1) 19... f6 $19 20. Qd2 {aiming for Bd4.} fxe5 21. Rb1 Qa5 22. Rb3 $2 {[#]} (22. Nd1 {was called for.} Qxa2 23. Rb2) 22... e4 $1 {[%cal Rc8c3][%mdl 512] Black is clearly winning.} 23. Nxe4 Qxa2 24. Kd1 Qa1+ 0-1

[Event "ESTCC U65 2018"]
[Site "Walbrzych"]
[Date "2018.04.16"]
[Round "3"]
[White "Kradolfer, Georg"]
[Black "Rantanen, Veikko"]
[Result "1/2-1/2"]
[WhiteElo "2084"]
[BlackElo "2007"]
[Annotator "NA RC"]
[PlyCount "68"]
[EventDate "2018.??.??"]
[EventCountry "POL"]
[SourceTitle "playchess.com"]
[Source "ChessBase"]
[SourceQuality "1"]
[WhiteTeam "Switzerland"]
[BlackTeam "Finland"]
[WhiteTeamCountry "SUI"]
[BlackTeamCountry "FIN"]
[TimeControl "40/5400+30:1800+30"]

1. c4 {[%emt 0:00:00]} Nf6 {[%emt 0:00:15]} 2. Nf3 {[%emt 0:00:45]} g6 {[%emt 0:00:23]} 3. g3 {[%emt 0:00:07]} Bg7 {[%emt 0:00:31]} 4. Bg2 {[%emt 0:00:07]} c5 {[%emt 0:00:29]} 5. O-O {[%emt 0:00:43]} Nc6 {[%emt 0:00:41]} 6. d4 {[%emt 0:03:39]} cxd4 {[%emt 0:00:24]} 7. Nxd4 {[%emt 0:00:06]} O-O {[%emt 0:00:12]} 8. Nc3 {[%emt 0:06:21]} Qb6 {[%emt 0:12:05] LiveBook: 163 Games} 9. Nxc6 {[%emt 0:13:20]} dxc6 {[%emt 0:00:25]} 10. Qc2 {[%emt 0:09:07] A39: Symmetrical English vs ...g6: 4 Bg2 Bg7 5 Nf3 Nf6 6 0-0 0-0 7 d4} e5 {[%emt 0:02:20]} (10... Be6 11. b3 Rad8 12. Bb2 Rd7 13. Rad1 Rfd8 14. Rxd7 Rxd7 15. Rd1 Qd8 16. Rxd7 Qxd7 {½-½ (16) Popchev,M (2413)-Georgiev,K (2504) Sofia 2006}) 11. Bg5 $146 {[%emt 0:05:51]} ({Predecessor:} 11. Be3 Qc7 12. Rad1 Ng4 13. Bc5 Rd8 14. h3 Nf6 15. Rxd8+ Qxd8 16. Rd1 Qe8 17. b3 Bf8 18. Bxf8 Kxf8 {1-0 (40) Astapov,V (1827)-Komarov,J (1839) Saratov 2017}) 11... Bf5 {[%emt 0:03:53]} 12. e4 {[%emt 0:02:19]} Be6 {[%emt 0:00:50]} 13. b3 {[%emt 0:02:40]} h6 {[%emt 0:05:30]} 14. Be3 {[%emt 0:01:09]} Qc7 {[%emt 0:00:21]} 15. Rfd1 {[%emt 0:06:05]} b6 {[%emt 0:01:34]} 16. Rd2 {[%emt 0:02:09]} (16. f3 $11) 16... Ng4 {[%emt 0:02:36]} 17. Re1 {[%emt 0:01:31]} Rfd8 {[%emt 0:01:39]} 18. Rxd8+ {[%emt 0:02:30]} Rxd8 {[%emt 0:00:07]} 19. Bc1 {[%emt 0:00:34]} Nf6 {[%emt 0:05:30]} 20. Rd1 {[%emt 0:07:15]} Rxd1+ {[%emt 0:02:02]} 21. Qxd1 {[%emt 0:00:13]} Qd7 {[%emt 0:00:20]} 22. Qxd7 {[%emt 0:04:48]} Nxd7 {[%emt 0:00:37]} 23. Be3 {[%emt 0:02:05]} Bf8 {[%emt 0:00:33]} 24. Kf1 {[%emt 0:02:34]} h5 {[%emt 0:01:59]} 25. h4 {[%emt 0:02:02]} f6 {[%emt 0:00:34]} 26. f3 {[%emt 0:04:58]} Kf7 {[%emt 0:00:42]} 27. Ke2 {[%emt 0:00:43]} Bb4 {[%emt 0:01:28]} 28. Nb1 $15 {[%emt 0:04:23]} Ke7 {[%emt 0:00:56]} 29. Kd1 {[%emt 0:03:56]} Bc5 {[%emt 0:01:06]} 30. Kd2 {[%emt 0:02:15]} Kd6 {[%emt 0:03:44]} 31. Bf1 {[%emt 0:01:32]} Bb4+ {[%emt 0:02:49]} 32. Kd1 {[%emt 0:01:07]} Bc5 {[%emt 0:00:59]} 33. Kd2 {[%emt 0:01:08]} Bb4+ {[%emt 0:03:00]} 34. Kd1 {[%emt 0:00:53]} Bc5 1/2-1/2

[Event "ESTCC U65 2018"]
[Site "Walbrzych"]
[Date "2018.04.16"]
[Round "3"]
[White "Scrimgour, Alan"]
[Black "Malmdin, Nils-Ake"]
[Result "1-0"]
[WhiteElo "2083"]
[BlackElo "2154"]
[Annotator "TA"]
[PlyCount "53"]
[EventDate "2018.??.??"]
[EventCountry "POL"]
[SourceTitle "playchess.com"]
[Source "ChessBase"]
[SourceQuality "1"]
[WhiteTeam "Scotland"]
[BlackTeam "Sweden"]
[WhiteTeamCountry "SCO"]
[BlackTeamCountry "SWE"]

{[%evp 9,53,-2,99,86,120,120,122,116,169,102,177,166,260,164,163,179,232,216,329,331,325,291,319,312,315,314,321,296,291,283,290,304,293,296,330,301,299,300,317,93,175,58,166,175,29986,29983]} 1. e4 e5 2. f4 exf4 3. Bc4 {[%cal Bf1c4,Bc4d5,Bd5b3][%mdl 32]} d5 4. Bxd5 Nf6 5. Nc3 c6 (5... Nxd5 $11 {keeps the balance.} 6. Nxd5 g5) (5... Bb4 6. Nf3 Bxc3 7. dxc3 c6 8. Bc4 Qxd1+ 9. Kxd1 O-O 10. Bxf4 Nxe4 11. Re1 Nf6 12. Re7 Nbd7 13. Ng5 Nb6 14. Bxf7+ Rxf7 15. Rxf7 {0-1 (41) Ganguly,S (2665)-Wang,Y (2699) Ashkhabad 2017}) 6. Bb3 $1 $16 {C33: King's Gambit Accepted: 3 Nc3 and 3 Bc4} Bg4 7. Nf3 Nbd7 $146 ({Predecessor:} 7... Bc5 8. Bxf7+ Ke7 9. Bb3 Re8 10. d3 g5 11. Na4 Bd6 12. h3 Bh5 13. O-O {½-½ (72) Pearson,R (1979)-Truman,R (2082) Colwyn Bay 2014}) 8. d4 {White is better.} g5 (8... Bb4 $16) 9. Qd3 (9. e5 $18) 9... Bxf3 (9... Nh5 $16 {keeps fighting.}) 10. gxf3 Nb6 (10... Qe7 {was worth a try.}) 11. e5 Nfd5 12. Ne4 a5 (12... g4 $142) 13. a3 Be7 (13... g4 {was called for.} 14. Bxd5 (14. fxg4 Qh4+ 15. Ke2 Qxg4+ 16. Qf3 Qxf3+ 17. Kxf3 a4 $18) 14... Qh4+ 15. Kd1 Nxd5) 14. c4 $18 Nc7 15. Bd2 Nd7 {intending ...Nxe5.} 16. O-O-O Nxe5 17. Qe2 Ng6 18. Bc3 O-O 19. d5 cxd5 20. cxd5 Ne8 {[#]} 21. d6 $1 {[%cal Rd6e7]} Nxd6 {[#]} 22. Rxd6 $1 {[%mdl 512]} Bxd6 {[#]} 23. Rd1 $1 {[%cal Rd1d6]} Ra6 24. Nf6+ $2 (24. Kb1 $18 {has better winning chances.}) 24... Kh8 (24... Kg7 $16) 25. Nd7+ (25. Bc4 $18 Rc6 26. Ng4+ f6 27. Nxf6 Qxf6 28. Bxf6+ Rxf6 29. Kb1) 25... f6 (25... Kg8 $14 26. Qb5 Rc6 27. Nxf8 Qxf8) 26. Nxf6 $1 Rxf6 $2 {[#]} (26... Rc6 $18 27. Bc4 Qxf6 28. Bxf6+ Rxf6) 27. Qe8+ $1 {[%mdl 512] Precision: White = 59%, Black = 34%.} 1-0